Wrestlemania Cities - Statistics

General Stats
  • This quiz has been taken 788 times
  • The average score is 12 of 22
Answer Stats
Hint Answer % Correct
1 10 New York
97%
2 7 21 Los Angeles
89%
28 Miami
79%
2 13 22 Chicago
75%
30 New Orleans
74%
17 25 Houston
71%
24 Orlando
67%
23 Detroit
64%
9 Las Vegas
63%
27 Atlanta
62%
6 18 Toronto
62%
14 Boston
60%
19 Seattle
59%
15 Philadelphia
53%
26 Phoenix
52%
4 5 Atlantic City
35%
8 Indianapolis
34%
12 16 Anaheim
33%
3 Pontiac
30%
29 East Rutherford
27%
11 Hartford
22%
2 Uniondale
12%
No matching quizzes found
Score Distribution
Percent of People with Each Score
Percentile by Number Answered
Your Score History
You have not taken this quiz